El libro póstumo del hermano Crescente: revelaciones del astral
Saved in:
| Format: | Bog |
|---|---|
| Sprog: | spansk |
| Udgivet: |
Santiago
Nascimiento
1944
|
| Fag: | |
| Tags: |
Tilføj Tag
Ingen Tags, Vær først til at tagge denne postø!
|
MARC
| LEADER | 00000nam a2200000 a 4500 | ||
|---|---|---|---|
| 001 | UCL5356 | ||
| 003 | CL-VaPUC | ||
| 008 | 040312e19440000CL |||||||||||||||||spa|d | ||
| 082 | 0 | 4 | |a 270.092 |b LIB |2 21 |
| 245 | 1 | 3 | |a El libro póstumo del hermano Crescente: revelaciones del astral |
| 300 | |a 405 p | ||
| 942 | |c BK | ||
| 945 | |d 20040312 00:00:00 |a vberengu | ||
| 260 | |a Santiago |b Nascimiento |c 1944 | ||
| 600 | 0 | 7 | |a ERRAZURIZ VALDIVIESO, CRESCENTE 1839-1931 |2 CL-VaPUC |9 483090 |
| 650 | 0 | |a Arzobispos |9 394819 | |
| 650 | 0 | |a Vida y obra |9 311871 | |
| 651 | 7 | |a CHILE |2 CL-VaPUC |9 483091 | |
| 583 | |a last modification |c 20040312 00:00:00 |k Rodrigo Vera | ||
| 999 | |c 307965 |d 307963 | ||
| 952 | |0 0 |1 0 |4 0 |6 270_092000000000000_LIB_1944 |7 0 |8 P |9 374159 |a BIBTEO |b BIBTES |c TEO_FTES |d 2019-11-21 |i 2105063 |o 270.092 LIB 1944 |p 2105063 |r 2024-01-18 |w 2019-11-21 |y BK |k ICR | ||